000 00707nab a2200229u 4500
001 17829
003 HDC
007 c| |||a|c|aaaa
008 210224b20140630my ||||| |||| 00| 0 may d
040 _aHDC
245 0 _aPremis tiada Sijil Halal boleh didenda RM5j
336 _atext
_2rdacontent
337 _acomputer
_2rdamedia
338 _aonline resource
_2rdacarrier
650 _ahalal certificate
_9482
650 _aJAKIM
_97825
710 _aBERITA HARIAN
856 _zRequest full-text at [email protected]
942 _2lcc
942 _cNEWS
942 _kNWSC 005025
999 _c15145
_d15145